Creation of computer application for psychological handwriting analysis; Молодежь и современные информационные технологии; Т. 2

Dettagli Bibliografici
Parent link:Молодежь и современные информационные технологии: сборник трудов XII Всероссийской научно-практической конференции студентов, аспирантов и молодых ученых, г. Томск, 12-14 ноября 2014 г./ Национальный исследовательский Томский политехнический университет (ТПУ), Институт кибернетики (ИК) ; ред. кол. Е. А. Сикора [и др.].— , 2014
Т. 2.— 2014.— [С. 287-288]
Autore principale: Kholdina T. V.
Ente Autore: Национальный исследовательский Томский политехнический университет (ТПУ) Институт кибернетики (ИК) Кафедра прикладной математики (ПМ)
Altri autori: Berestneva O. G. Olga Grigorievna (научный руководитель)
Riassunto:Заглавие с титульного экрана
Lingua:inglese
Pubblicazione: 2014
Serie:Информационные технологии в гуманитарных и медицинских исследованиях
Soggetti:
Accesso online:http://earchive.tpu.ru/handle/11683/20333
http://www.lib.tpu.ru/fulltext/c/2014/C04/V2/136.pdf
Natura: MixedMaterials Elettronico Capitolo di libro
KOHA link:https://koha.lib.tpu.ru/cgi-bin/koha/opac-detail.pl?biblionumber=610988

MARC

LEADER 00000naa2a2200000 4500
001 610988
005 20231101132632.0
035 |a (RuTPU)RU\TPU\conf\8630 
035 |a RU\TPU\conf\8611 
090 |a 610988 
100 |a 20150209d2014 k y0rusy50 ba 
101 0 |a eng 
102 |a RU 
105 |a y z 101zy 
135 |a drgn ---uucaa 
181 0 |a i  
182 0 |a b 
200 1 |a Creation of computer application for psychological handwriting analysis  |f T. V. Kholdina  |g sci. adv. O. G. Berestneva 
203 |a Текст  |c электронный 
225 1 |a Информационные технологии в гуманитарных и медицинских исследованиях 
230 |a 1 компьютерный файл (pdf; 255 Kb) 
300 |a Заглавие с титульного экрана 
320 |a [Библиогр.: с. 288 (5 назв.)] 
337 |a Adobe Reader 
461 1 |0 (RuTPU)RU\TPU\conf\7802  |t Молодежь и современные информационные технологии  |o сборник трудов XII Всероссийской научно-практической конференции студентов, аспирантов и молодых ученых, г. Томск, 12-14 ноября 2014 г.  |o в 2 т.  |f Национальный исследовательский Томский политехнический университет (ТПУ), Институт кибернетики (ИК) ; ред. кол. Е. А. Сикора [и др.]  |d 2014 
463 0 |0 (RuTPU)RU\TPU\conf\7813  |t Т. 2  |v [С. 287-288]  |d 2014 
610 1 |a труды учёных ТПУ 
610 1 |a электронный ресурс 
610 1 |a компьютерные программы 
610 1 |a психологический анализ 
610 1 |a почерк 
700 1 |a Kholdina  |b T. V. 
702 1 |a Berestneva  |b O. G.  |c specialist in the field of informatics and computer technology  |c Professor of Tomsk Polytechnic University, Doctor of technical sciences  |f 1953-  |g Olga Grigorievna  |2 stltpush  |4 727 
712 0 2 |a Национальный исследовательский Томский политехнический университет (ТПУ)  |b Институт кибернетики (ИК)  |b Кафедра прикладной математики (ПМ)  |h 130  |2 stltpush  |3 (RuTPU)RU\TPU\col\18700 
801 2 |a RU  |b 63413507  |c 20210323  |g RCR 
856 4 |u http://earchive.tpu.ru/handle/11683/20333 
856 4 |u http://www.lib.tpu.ru/fulltext/c/2014/C04/V2/136.pdf 
942 |c BK